000 00428nam a2200169Ia 4500
008 230524s9999 xx 000 0 und d
020 _a9780070445321
082 _a381.142
_bWHI
100 _aDavid Whiteley
245 0 _a"E-Commerce Strategy, Technologies And Applications"
250 _aIST
260 _aNEW DELHI
_bTMH
_c2008
300 _aVIII;253
500 _aQuantity Number: 5
650 _aComp-Sc
942 _cBK
999 _c41948
_d41948